000 01186njm a2200313Ia 4500
001 26002
003 IT-RoPAU
005 20220918181153.0
008 131025s9999 xx 000 0 und d
040 _aIT-RoPAU
040 _cIT-RoPAU
041 _aLATINO ITA
999 _c102332
_d102332
999 _bn.d.
100 _aCampidelli Giuseppe
_915200
100 _eAutore musica
_915201
100 _gCodice autore musica SPICS: 11366
_915202
245 _aMessa di Pasqua
250 _a1a ed.
260 _aALBANO
260 _bEP - MUSICALI E DISCOGRAFICHE
_c1965 [1a Ed.:1965 - Ed. Lingua Orig.: 1965]
300 _aDISCO
500 _aMusica religiosa, liturgica.
505 _aInvocazione a Cristo Signore (Kyrie) - Inno di lode (Gloria) - Canto di acclamazione (Sanctus-Benedictus) - Invocazione a Cristo Redentore (Agnus Dei) - Professione di fede (Credo)
511 _aCappella Musicale del Duomo di Cesena
650 _aLITURGICO [DISCHI]
_eCodice MATERIA SPICS: 9950
_9966
700 _aCampidelli Giuseppe
_eAutore testo e musica
_gCodice autore testo/musica SPICS: 11366
_915203
700 _aCampidelli Giuseppe
_gCodice interprete SPICS: 11366
_eInterprete
_915204
942 _cMD
_2ddc